Ben 10 Ultimate Alien Aliens Debuts - Sudden Death - Statistics

General Stats
  • This quiz has been taken 50 times
  • The average score is 8 of 11
Answers on the Grid
Answers color-coded by a green-red scale on the quiz's grid according to % correct below.
Chromastone
Juryrigg
Feedback
Bloxx
Chamalien
Goop
Clockwork
Astrodactyl
Humungousaur
Big chill
Water Hazard
Lodestar
Wildvine
Toepick
Kickin'Hawk
Bullfrag
Nanomech
Eatle
Armodrillo
Fasttrack
Ball Weevil
NRG
Terraspin
Gravattack
Eye Guy
Gutrot
Shocksquatch
Walkatrout
Echo Echo
Crashhopper
Ampfibian
Brainstorm
Jetray
Spidermonkey
Atomix
Alien X
 
Answer Stats
Answer % Correct
Clockwork
81%
Ampfibian
74%
NRG
74%
Terraspin
74%
Water Hazard
74%
Armodrillo
71%
Chamalien
71%
Eatle
71%
Fasttrack
71%
Juryrigg
71%
Shocksquatch
55%
No matching quizzes found
Score Distribution
Percent of People with Each Score
Percentile by Number Answered
Your Score History
You have not taken this quiz